000 00626nam a2200217Ia 4500
005 20241129111123.0
008 241129s9999||||xx |||||||||||||| ||und||
020 _a978-81-96192-62-4
037 _aTB
040 _aCRL
_beng
_cCRL
041 _aeng
_2eng
084 _aR65,6:g R3
_qCRL
100 _aSircar Mahendranath Au.
_9723399
245 0 _aMysticism in Bhagavat Gita
_cSircar Mahendranath Au.
260 _aNew Delhi, Publications 2003
_bCosmo Publications 2003
_c2003
300 _axix,219p.
365 _aINR
_b400
650 _aBhagavad Gita
942 _cTB
_hR65,6:g R3
999 _c1229024
_d1229024